Municipalities of Inner Mongolia Autonomous Region - Statistics

General Stats
  • This quiz has been taken 89 times
  • The average score is 8 of 12
Answers on the Map
Answers color-coded by a green-red scale on the quiz's map according to % correct below.
 
Answer Stats
Answer % Correct
Hohhot 呼和浩特
96%
Baotou
88%
Hulunbuir 呼伦贝尔
80%
Ordos 鄂尔多斯
80%
Chifeng 赤峰
76%
Tongliao 通辽
60%
Alxa 阿拉善
56%
Ulanqab 乌兰察布
56%
Xilingol 锡林郭勒
52%
Bayannur 巴彦淖尔
48%
Wuhai 乌海
48%
Hinggan 兴安
32%
No matching quizzes found
Score Distribution
Percent of People with Each Score
Percentile by Number Answered
Your Score History
You have not taken this quiz